[Event "AUT-ch"]
[Site "Moesern"]
[Date "1997.08.02"]
[Round "1"]
[White "Rolletschek, Heinrich"]
[Black "Brestian, Egon"]
[Result "1/2-1/2"]
[WhiteElo "2325"]
[BlackElo "2440"]
[PlyCount "218"]
[EventDate "1997.08.??"]

1. e4 c5 2. Nf3 e6 3. d3 Nc6 4. g3 d5 5. Nbd2 g6 6. Bg2 Bg7 7. O-O Nge7 8. c3
b6 9. Re1 a5 10. exd5 exd5 11. d4 cxd4 12. Nxd4 Nxd4 13. cxd4 O-O 14. Nf1 Nc6
15. Be3 Be6 16. Rc1 Qd7 17. Rc3 Rac8 18. Qd2 Rfe8 19. Rec1 a4 20. Qd1 b5 21.
Rc5 Na5 22. Qd3 Nc4 23. b3 axb3 24. axb3 Rxc5 25. dxc5 Nxe3 26. Nxe3 d4 27. c6
Qd6 28. Nf1 Qa3 29. Re1 Qb4 30. Nd2 Qc3 31. Bf1 Rc8 32. Rd1 b4 33. Nc4 Qxd3 34.
Bxd3 Rxc6 35. Ra1 Rc8 36. Ra7 Bf8 37. Kf1 Re8 38. f3 Kg7 39. Kf2 h5 40. Ra2 Be7
41. h4 Rc8 42. Ra7 Bc5 43. Ra5 Bf8 44. Ra7 Kf6 45. Ra6 Rc7 46. Ra8 Bc5 47. Ra6
Ra7 48. Rxa7 Bxa7 49. Nd2 Kg7 50. Ke2 f6 51. f4 Bb8 52. Kf3 Bc7 53. Kf2 Kh6 54.
Kf3 g5 55. fxg5+ fxg5 56. hxg5+ Kxg5 57. Ne4+ Kh6 58. Nd2 Bg4+ 59. Kf2 Kg5 60.
Ne4+ Kf5 61. Nd2+ Ke5 62. Nf3+ Kd6 63. Kg2 Kc5 64. Nd2 Bd8 65. Kf2 Kd6 66. Bc4
Bf6 67. Ne4+ Ke5 68. Nc5 Be7 69. Nd3+ Kf6 70. Kg2 Bd6 71. Kf2 Bd7 72. Bd5 Bf5
73. Bc4 Be4 74. Ne1 Bc6 75. Nd3 Kg5 76. Ne1 Bd7 77. Bd5 Kf6 78. Nd3 Bb5 79. Be4
Be8 80. Bd5 Be7 81. Kf3 Bd6 82. Kf2 Kg5 83. Kf3 Bd7 84. Kg2 Bf5 85. Bc4 Be4+
86. Kf2 h4 87. gxh4+ Kxh4 88. Ke2 Kg5 89. Ne1 Kf6 90. Nd3 Bg6 91. Kf3 Bf8 92.
Nf4 Bf5 93. Nd3 Bd6 94. Ke2 Kg5 95. Ne1 Kf4 96. Nd3+ Kg3 97. Ne1 Be7 98. Nd3
Bg4+ 99. Kd2 Bh5 100. Ne1 Bg6 101. Nd3 Be4 102. Bf7 Bg5+ 103. Ke2 Bf3+ 104. Ke1
Be3 105. Nxb4 Be4 106. Bc4 Bf3 107. Bd3 Bg5 108. Nc2 Bf6 109. Nxd4 Bxd4 1/2-1/2

[Event "AUT-ch"]
[Site "Moesern"]
[Date "1997.08.02"]
[Round "1"]
[White "Stanec, Nikolaus"]
[Black "Weinzettl, Ernst"]
[Result "1-0"]
[WhiteElo "2465"]
[BlackElo "2410"]
[PlyCount "69"]
[EventDate "1997.08.??"]

1. c4 e6 2. d4 d5 3. cxd5 exd5 4. Nc3 c5 5. Nf3 Nc6 6. g3 Nf6 7. Bg2 Be7 8. O-O
O-O 9. dxc5 Bxc5 10. Na4 Be7 11. Nd4 Bg4 12. Nxc6 bxc6 13. h3 Bf5 14. Be3 Qd7
15. Kh2 Rfe8 16. Rc1 Bd6 17. Nc5 Qc7 18. Bd4 Ne4 19. Nxe4 Bxe4 20. Bxe4 Rxe4
21. e3 Rc8 22. Qf3 Qd7 23. Kg2 c5 24. Bc3 Qe6 25. Rfd1 d4 26. Bxd4 f5 27. Bc3
Rf8 28. Rd2 g5 29. Qd1 Bxg3 30. fxg3 Rxe3 31. Qh5 h6 32. Rf1 Re8 33. Kh2 Qa6
34. Rxf5 Re2+ 35. Rf2 1-0

[Event "AUT-ch"]
[Site "Moesern"]
[Date "1997.08.02"]
[Round "1"]
[White "Danner, Georg"]
[Black "Sommerbauer, Norbert"]
[Result "1/2-1/2"]
[WhiteElo "2415"]
[BlackElo "2395"]
[PlyCount "104"]
[EventDate "1997.08.??"]

1. d4 Nf6 2. Nf3 c5 3. d5 b5 4. a4 b4 5. Bg5 d6 6. Bxf6 exf6 7. e4 g6 8. Bb5+
Bd7 9. Nbd2 Bg7 10. Nc4 O-O 11. Bxd7 Nxd7 12. O-O Nb6 13. Nfd2 Qd7 14. a5 Nxc4
15. Nxc4 f5 16. exf5 Qxf5 17. Nxd6 Qf4 18. Nb7 Bxb2 19. Rb1 Qc7 20. a6 Bd4 21.
Qd3 Rab8 22. Qc4 Qb6 23. g3 {} 23... Rxb7 24. axb7 Rb8 25. Rfe1 Rxb7 26. Re4
a5 27. Rd1 Rd7 28. Re8+ Kg7 29. Ra8 Qf6 30. Rxd4 Qxd4 31. Qxd4+ cxd4 32. Rxa5
Kf6 33. Rb5 Ke5 34. Kf1 Rc7 35. d6+ Kxd6 36. Rxb4 Kd5 37. Rb2 Ke4 38. Kg2 f5
39. h4 Rc3 40. Ra2 Rc7 41. Rb2 Rc3 42. Ra2 h5 43. Rb2 f4 44. gxf4 Kxf4 45. Rb4
Ke4 46. Rb2 Rc4 47. Kg3 Rc3+ 48. Kg2 Rc5 49. Kg3 g5 50. f3+ Kf5 51. hxg5 Kxg5
52. Rb4 Rxc2 { -  Danner,G-Sommerbauer,N/aut-ch97 1997} 1/2-1/2

[Event "AUT-ch"]
[Site "Moesern"]
[Date "1997.08.02"]
[Round "1"]
[White "Lehner, Oliver"]
[Black "Schroll, Gerhard"]
[Result "1/2-1/2"]
[WhiteElo "2400"]
[BlackElo "2405"]
[PlyCount "92"]
[EventDate "1997.08.??"]

1. d4 f5 2. g3 Nf6 3. Bg2 g6 4. c4 Bg7 5. Nc3 O-O 6. Nh3 Nc6 7. d5 Ne5 8. c5 c6
9. O-O Qa5 10. Be3 cxd5 11. Nxd5 Nxd5 12. Bxd5+ e6 13. Bb3 b6 14. Rc1 Ba6 15.
Nf4 Bb5 16. Bd4 Rfd8 17. Re1 Bc6 18. cxb6 axb6 19. Bc3 Qc5 20. Nd3 Nxd3 21.
Qxd3 Bxc3 22. Rxc3 Qe5 23. e3 Kf7 24. Rd1 Qe4 25. Qxe4 fxe4 26. Rd4 Ke7 27. a3
Rdc8 28. Rdc4 Bb7 29. Bc2 Rxc4 30. Rxc4 Ba6 31. Rc7 Kd6 32. Bxe4 Kxc7 33. Bxa8
d5 34. e4 d4 35. e5 d3 36. Bf3 d2 37. Bd1 Kc6 38. f4 Kd5 39. Kf2 Kd4 40. a4 Bd3
41. b4 Kc3 42. a5 bxa5 43. bxa5 Bc2 44. Ke2 h5 45. h3 Bf5 46. Ke3 Bxh3 1/2-1/2

[Event "AUT-ch"]
[Site "Moesern"]
[Date "1997.08.02"]
[Round "1"]
[White "Mahdy, Khaled"]
[Black "Wittmann, Walter"]
[Result "1/2-1/2"]
[WhiteElo "2400"]
[BlackElo "2405"]
[PlyCount "70"]
[EventDate "1997.08.??"]

1. e4 c5 2. Nf3 d6 3. Bb5+ Nd7 4. O-O Ngf6 5. Re1 a6 6. Bf1 b6 7. d3 Bb7 8.
Nbd2 Qc7 9. b3 g6 10. Bb2 e5 11. Nc4 Bg7 12. Ne3 O-O 13. c4 b5 14. Nd2 b4 15.
a3 a5 16. Ra2 Nb6 17. g3 Bc6 18. a4 Qe7 19. Bc1 Bd7 20. Bg2 Ra7 21. h3 h5 22.
Nf3 Nh7 23. Kh2 Bf6 24. Rf1 Kh8 25. Qe1 Rg8 26. Qd1 Raa8 27. Re2 Raf8 28. Nd2
Bg7 29. Nd5 Nxd5 30. cxd5 Bc8 31. Nc4 Qd8 32. f4 Ba6 33. f5 h4 34. g4 Bxc4 35.
dxc4 g5 1/2-1/2

[Event "AUT-ch"]
[Site "Moesern"]
[Date "1997.08.03"]
[Round "2"]
[White "Schlosser, Michael"]
[Black "Wittmann, Walter"]
[Result "0-1"]
[WhiteElo "2350"]
[BlackElo "2405"]
[PlyCount "114"]
[EventDate "1997.08.??"]

1. e4 c5 2. Nf3 d6 3. d4 cxd4 4. Nxd4 Nf6 5. Nc3 Nc6 6. Bg5 e6 7. Qd2 Be7 8.
O-O-O O-O 9. Nb3 Qb6 10. f3 Rd8 11. Kb1 a6 12. Be3 Qc7 13. Qf2 Nd7 14. g4 b5
15. g5 Nce5 16. Bd3 Rb8 17. h4 Nc4 18. Bc1 Nf8 19. f4 b4 20. Ne2 a5 21. f5 Nd7
22. Nf4 Nde5 23. Nd4 Qc5 24. Rhf1 exf5 25. exf5 Nxd3 26. Nxd3 Qc7 27. f6 Bf8
28. Nf4 g6 29. Nd5 Qc5 30. Ne7+ Kh8 31. h5 gxh5 32. Nec6 Bg4 33. Nxd8 Rxd8 34.
Rde1 a4 35. Re4 Rb8 36. b3 Na3+ 37. Ka1 d5 38. Rxg4 hxg4 39. Bb2 axb3 40. Qf5
Nxc2+ 41. Nxc2 Qxc2 42. Qxd5 Kg8 43. Rc1 Qg6 44. axb3 Re8 45. Rg1 Qc2 46. Rc1
Qe4 47. Qxe4 Rxe4 48. Rg1 Bc5 49. Rc1 Bf8 50. Rg1 h5 51. gxh6 Bxh6 52. Kb1 Kh7
53. Kc2 Kg6 54. Kd3 Kf5 55. Bd4 Rf4 56. Ra1 g3 57. Ra5+ Kg4 0-1

[Event "AUT-ch"]
[Site "Moesern"]
[Date "1997.08.03"]
[Round "2"]
[White "Schroll, Gerhard"]
[Black "Mahdy, Khaled"]
[Result "0-1"]
[WhiteElo "2405"]
[BlackElo "2400"]
[PlyCount "74"]
[EventDate "1997.08.??"]

1. c4 Nf6 2. Nf3 g6 3. Nc3 Bg7 4. g3 O-O 5. Bg2 c5 6. O-O d6 7. d4 Na6 8. b3
cxd4 9. Nxd4 Qa5 10. Bb2 Qh5 11. e3 Bg4 12. Qd2 Nc5 13. b4 Ncd7 14. Rac1 Rac8
15. Bxb7 Rc7 16. Bg2 Ne5 17. Ncb5 Rxc4 18. f4 Rxc1 19. Rxc1 Nf3+ 20. Nxf3 Qxb5
21. Nd4 Qd7 22. Nc6 d5 23. Ne5 Qe6 24. Nxg4 Qxg4 25. Bxd5 Nxd5 26. Bxg7 Nxf4
27. Bxf8 Ne2+ 28. Kf2 Nxc1 29. Bxe7 Qf5+ 30. Kg1 Nd3 31. a4 h5 32. b5 Qe4 33.
Bf6 h4 34. Bd4 h3 35. Bxa7 Ne5 36. Qd8+ Kg7 37. Kf2 Qc2+ 0-1

[Event "AUT-ch"]
[Site "Moesern"]
[Date "1997.08.03"]
[Round "2"]
[White "Casagrande, Harald"]
[Black "Duer, Arne"]
[Result "1-0"]
[WhiteElo "2345"]
[BlackElo "2405"]
[PlyCount "131"]
[EventDate "1997.08.??"]

1. d4 Nf6 2. Bg5 d6 3. Bxf6 exf6 4. e3 c6 5. Nd2 Nd7 6. Ne2 f5 7. c4 Nf6 8. Nf4
g6 9. g3 Bg7 10. Bg2 O-O 11. b4 Re8 12. O-O Bd7 13. Rb1 Ne4 14. Qc2 Nxd2 15.
Qxd2 Rb8 16. b5 Qc7 17. a4 Bh6 18. Ne2 Bg5 19. Rfc1 Rec8 20. c5 dxc5 21. Rxc5
Be7 22. Rc2 Qd6 23. Nf4 Bd8 24. Nd3 Be8 25. Rbc1 Qa3 26. Nc5 cxb5 27. Ra2 Ba5
28. Qc2 Qb4 29. Rb2 Qa3 30. Rb3 Rxc5 31. dxc5 Qxa4 32. Qb2 b4 33. Rd3 Qb5 34.
Rd6 b3 35. Bf1 Qa4 36. Bc4 Bc7 37. Bxb3 Qe4 38. Rc4 Qe7 39. Rd1 Bc6 40. Ba4 b5
41. cxb6 Rxb6 42. Qc1 Bxa4 43. Rxa4 Rb7 44. Rad4 Bb6 45. Qc8+ Kg7 46. Rd7 Rxd7
47. Rxd7 Qe6 48. Qc3+ Kh6 49. Rd1 Qe4 50. Rc1 Qe7 51. Qh8 Bc7 52. Qa1 Be5 53.
Qa5 Bd6 54. Rc4 Be5 55. Ra4 Bb8 56. Qd5 Bd6 57. Qa8 Bc5 58. Qh8 g5 59. Qc3 Bb6
60. h4 f6 61. Rc4 Kh5 62. Qc2 Qe5 63. hxg5 fxg5 64. g4+ Kh4 65. Qd1 f4 66. Kg2
1-0

[Event "AUT-ch"]
[Site "Moesern"]
[Date "1997.08.03"]
[Round "2"]
[White "Weinzettl, Ernst"]
[Black "Kummer, Helmut"]
[Result "0-1"]
[WhiteElo "2410"]
[BlackElo "2380"]
[PlyCount "93"]
[EventDate "1997.08.??"]

1. e4 c5 2. Nf3 Nf6 3. e5 Nd5 4. Nc3 e6 5. Ne4 Nc6 6. c4 Nb6 7. b4 Nxb4 8. Bb2
Qc7 9. a3 Nc6 10. Bd3 Be7 11. O-O h6 12. Rc1 Kf8 13. Bb1 a6 14. Ba1 Rb8 15. Qe2
Na4 16. Qe3 b5 17. Qf4 Qd8 18. Nd6 Bxd6 19. exd6 Kg8 20. cxb5 axb5 21. Qg3 Qf8
22. Rfe1 c4 23. Bf6 Bb7 24. Re4 h5 25. Ne5 Nb6 26. Nxc6 Bxc6 27. Be7 Qe8 28.
Re5 f5 29. Rce1 Qf7 30. Qe3 Nd5 31. Qa7 Ra8 32. Qd4 Rxa3 33. Bg5 h4 34. Bxf5
Rh5 35. Bg4 Rd3 36. Qa7 Rh8 {} 37. Rxe6 Nf4 38. Re7 Qd5 39. f3 Qxg5 40. R1e5
Qf6 41. Bf5 Ng6 42. Bxg6 Qxg6 43. Qc5 Rxf3 44. Rxg7+ Kxg7 45. Rg5 Rf6 46. Qe5
Rhf8 47. h3 0-1

[Event "AUT-ch"]
[Site "Moesern"]
[Date "1997.08.03"]
[Round "2"]
[White "Hoelzl, Franz"]
[Black "Rolletschek, Heinrich"]
[Result "1/2-1/2"]
[WhiteElo "2440"]
[BlackElo "2325"]
[PlyCount "101"]
[EventDate "1997.08.??"]

1. d4 f5 2. g3 Nf6 3. Bg2 g6 4. Nf3 d6 5. b3 Bg7 6. Bb2 O-O 7. O-O c6 8. c4 Qc7
9. Qc2 Na6 10. Nbd2 Re8 11. e4 Nb4 12. Qc3 fxe4 13. Qxb4 exf3 14. Nxf3 Bg4 15.
Nd2 Nd7 16. Ne4 Rad8 17. Rfe1 a5 18. Qd2 e5 19. d5 c5 20. Nc3 b6 21. Nb5 Qb8
22. a3 Nf8 23. b4 axb4 24. axb4 Bd7 25. Na7 Qb7 26. Ra3 Ra8 27. Rea1 Bf6 28. b5
Kg7 29. Ra6 Bf5 30. Bc3 Nd7 31. R1a3 Rf8 32. Qa2 Nb8 33. R6a4 Rf7 34. Qa1 Bc2 {
} 35. Nc8 Rxa4 36. Nxd6 Rxa3 37. Qxa3 Qd7 38. Nxf7 Kxf7 39. f4 Qc7 40. Qb2
exf4 41. Bxf6 fxg3 42. Be5 Qe7 43. Bh3 Qg5 44. Be6+ Ke8 45. Bxg3 Qe3+ 46. Bf2
Qg5+ 47. Kf1 Bd3+ 48. Ke1 Nd7 49. Qh8+ Nf8 50. Qc3 Nxe6 51. dxe6 1/2-1/2

[Event "AUT-ch"]
[Site "Moesern"]
[Date "1997.08.04"]
[Round "3"]
[White "Rolletschek, Heinrich"]
[Black "Schlosser, Michael"]
[Result "0-1"]
[WhiteElo "2325"]
[BlackElo "2350"]
[PlyCount "126"]
[EventDate "1997.08.??"]

1. e4 c5 2. Nf3 e6 3. d3 Nc6 4. g3 d5 5. Nbd2 Nf6 6. Bg2 Be7 7. O-O Qc7 8. Re1
b6 9. Nf1 dxe4 10. dxe4 Bb7 11. e5 Nd7 12. c3 O-O-O 13. Qe2 h6 14. g4 g5 15.
Ng3 Nf8 16. Nh5 Ng6 17. Bd2 Rd7 18. c4 Nd4 19. Nxd4 Rxd4 20. Bxb7+ Qxb7 21. f3
Nh4 22. Bc3 Nxf3+ 23. Kf2 Nxe1 24. Bxd4 Qg2+ 25. Kxe1 Qh1+ 26. Qf1 Qe4+ 27. Qe2
Qxd4 28. Kf1 Rd8 29. Re1 Rd7 30. b3 Qc3 31. Qe4 Kb8 32. Kg2 Rd4 33. Qe3 Rxg4+
34. Ng3 Qxe3 35. Rxe3 Bd8 36. h3 Rd4 37. Ne2 Rd7 38. Kf3 h5 39. Ng3 h4 40. Ne4
Kc7 41. Kg4 Rd1 42. Kh5 Rf1 43. Kh6 Rf5 44. Nd6 g4 45. Nxf5 exf5 46. Rd3 g3 47.
Kh5 Be7 48. Rd1 Kc6 49. a3 b5 50. Rd2 bxc4 51. bxc4 a6 52. Rd1 Kb6 53. Rb1+ Ka5
54. Rb8 Ka4 55. Rg8 Kxa3 56. Rg7 Bf8 57. Rg5 f4 58. Kg4 Kb4 59. Rg8 Bh6 60. Kf3
Kxc4 61. Ke4 a5 62. Rg4 a4 63. Rxh4 a3 0-1

[Event "AUT-ch"]
[Site "Moesern"]
[Date "1997.08.04"]
[Round "3"]
[White "Kummer, Helmut"]
[Black "Brestian, Egon"]
[Result "0-1"]
[WhiteElo "2380"]
[BlackElo "2440"]
[PlyCount "74"]
[EventDate "1997.08.??"]

1. d4 d6 2. c4 e5 3. Nf3 e4 4. Ng5 f5 5. Nc3 c6 6. Nh3 Na6 7. e3 Nf6 8. Be2 g6
9. O-O Bg7 10. Bd2 O-O 11. Qb3 Qe7 12. Rac1 Kh8 13. a3 Nc7 14. Rfe1 Ne6 15. d5
Nc5 16. Qc2 Ncd7 17. dxc6 bxc6 18. Red1 Ne5 19. Be1 Be6 20. Na4 h6 21. Bc3 Bf7
22. b4 g5 {} 23. Qb2 Nxc4 24. Bxc4 Bxc4 25. Bd4 Qe6 26. Nc3 a5 27. bxa5 c5 28.
Bxf6 Bxf6 29. Qd2 Be5 30. f3 exf3 31. gxf3 f4 32. Kg2 fxe3 33. Qxe3 g4 34. fxg4
Qxg4+ 35. Kh1 Qf3+ 36. Qxf3 Rxf3 37. Ne4 Bb3 0-1

[Event "AUT-ch"]
[Site "Moesern"]
[Date "1997.08.04"]
[Round "3"]
[White "Duer, Arne"]
[Black "Weinzettl, Ernst"]
[Result "0-1"]
[WhiteElo "2405"]
[BlackElo "2410"]
[PlyCount "66"]
[EventDate "1997.08.??"]

1. c4 Nf6 2. Nf3 g6 3. b3 Bg7 4. Bb2 O-O 5. g3 c5 6. Bg2 Nc6 7. O-O d6 8. d4
cxd4 9. Nxd4 Bd7 10. Nc3 Nxd4 11. Qxd4 Bc6 12. Nd5 Nh5 13. Qd2 Bxb2 14. Qxb2
Bxd5 15. Bxd5 Qb6 16. b4 Nf6 17. Bg2 Rfc8 18. Rfc1 a5 19. Rcb1 Rxc4 20. bxa5
Qxa5 21. Qxb7 Ra7 22. Qb8+ Kg7 23. Rb2 Rac7 24. Rbb1 Rc2 25. Bf1 Qf5 26. Qb6
R7c5 27. Qb4 Ne4 28. f3 Nd2 29. Re1 Qe5 30. Qf4 Qc3 31. g4 Rc4 32. Qg3 Qe3+ 33.
Qf2 Nxf3+ 0-1

[Event "AUT-ch"]
[Site "Moesern"]
[Date "1997.08.04"]
[Round "3"]
[White "Danner, Georg"]
[Black "Casagrande, Harald"]
[Result "1-0"]
[WhiteElo "2415"]
[BlackElo "2345"]
[PlyCount "75"]
[EventDate "1997.08.??"]

1. d4 d5 2. Nf3 Nf6 3. c4 e6 4. Nc3 Be7 5. Bg5 O-O 6. e3 Nbd7 7. Rc1 Re8 8. Bd3
dxc4 9. Bxc4 a6 10. a4 c5 11. O-O cxd4 12. exd4 Qa5 13. Re1 Nb6 14. Bb3 Bd7 15.
Ne5 Rad8 16. Bd2 Bb4 17. Nd3 Bc6 18. Re5 {} 18... Rxd4 19. Rxa5 Bxa5 20. Be3
Rd6 21. Bc5 Rd7 22. Qe2 Red8 23. Bc2 Nbd5 24. Nxd5 Rxd5 25. Rd1 Ne4 26. Be3 b5
27. f3 Nd6 28. Nf2 Rxd1+ 29. Nxd1 Nc4 30. Bc1 Bd2 31. b3 Bxc1 32. bxc4 bxa4 33.
Bxh7+ Kf8 34. Be4 Rd2 35. Qe1 Bxe4 36. fxe4 a3 37. Ne3 a2 38. Qxc1 1-0

[Event "AUT-ch"]
[Site "Moesern"]
[Date "1997.08.04"]
[Round "3"]
[White "Wittmann, Walter"]
[Black "Schroll, Gerhard"]
[Result "1/2-1/2"]
[WhiteElo "2405"]
[BlackElo "2405"]
[PlyCount "42"]
[EventDate "1997.08.??"]

1. e4 Nf6 2. e5 Nd5 3. d4 d6 4. Nf3 Nc6 5. c4 Nb6 6. exd6 exd6 7. Be2 Bg4 8. b3
Be7 9. Nc3 Bf6 10. Be3 d5 11. c5 Nc8 12. Qd2 N8e7 13. h3 Bxf3 14. Bxf3 Nf5 15.
Bxd5 Nfxd4 16. O-O-O O-O 17. Bxc6 Nxc6 18. Qxd8 Raxd8 19. Nd5 Bd4 20. Nxc7
Bxe3+ 21. fxe3 Nb4 1/2-1/2

[Event "AUT-ch"]
[Site "Moesern"]
[Date "1997.08.05"]
[Round "4"]
[White "Schlosser, Michael"]
[Black "Schroll, Gerhard"]
[Result "1-0"]
[WhiteElo "2350"]
[BlackElo "2405"]
[PlyCount "65"]
[EventDate "1997.08.??"]

1. e4 e5 2. Nf3 Nf6 3. Nxe5 d6 4. Nf3 Nxe4 5. d4 d5 6. Bd3 Be7 7. O-O Nc6 8. c4
Nf6 9. Nc3 Be6 10. cxd5 Nxd5 11. Re1 O-O 12. a3 h6 13. Bc2 Re8 14. Qd3 Kf8 15.
Nxd5 Qxd5 16. Qh7 f5 17. Bxh6 gxh6 18. Qxh6+ Kf7 19. Qh7+ Kf8 20. Qh6+ Kf7 21.
Ne5+ Nxe5 22. Qh7+ Kf8 23. Qh6+ Kf7 24. Qh7+ Kf8 25. Rxe5 Qd6 26. Qh6+ Kf7 27.
Qh7+ Kf8 28. Qh6+ Kf7 29. Bxf5 Bxf5 30. Rxf5+ Bf6 31. Qh7+ Kf8 32. Qg6 Ke7 33.
Re1+ 1-0

[Event "AUT-ch"]
[Site "Moesern"]
[Date "1997.08.05"]
[Round "4"]
[White "Sommerbauer, Norbert"]
[Black "Wittmann, Walter"]
[Result "1/2-1/2"]
[WhiteElo "2395"]
[BlackElo "2405"]
[PlyCount "31"]
[EventDate "1997.08.??"]

1. Nf3 Nf6 2. c4 g6 3. Nc3 Bg7 4. e4 d6 5. d4 O-O 6. h3 e5 7. d5 Na6 8. Bd3 Nc5
9. Bc2 a5 10. Bg5 h6 11. Be3 Nh5 12. Qd2 Nf4 13. Bxf4 exf4 14. Qxf4 f5 15. exf5
Bxf5 16. Qd2 1/2-1/2

[Event "AUT-ch"]
[Site "Moesern"]
[Date "1997.08.05"]
[Round "4"]
[White "Lendwai, Reinhard"]
[Black "Mahdy, Khaled"]
[Result "1/2-1/2"]
[WhiteElo "2375"]
[BlackElo "2400"]
[PlyCount "32"]
[EventDate "1997.08.??"]

1. e4 d5 2. exd5 Qxd5 3. Qf3 Nf6 4. Nc3 Qxf3 5. Nxf3 c6 6. Bc4 Nbd7 7. d4 Nb6
8. Bb3 a5 9. Ne5 e6 10. a3 a4 11. Ba2 Be7 12. O-O Nbd7 13. Re1 O-O 14. Bg5 Bd8
15. Rad1 Nd5 16. Nxd7 Bxd7 1/2-1/2

[Event "AUT-ch"]
[Site "Moesern"]
[Date "1997.08.05"]
[Round "4"]
[White "Casagrande, Harald"]
[Black "Lehner, Oliver"]
[Result "1-0"]
[WhiteElo "2345"]
[BlackElo "2400"]
[PlyCount "81"]
[EventDate "1997.08.??"]

1. d4 Nf6 2. Nf3 d6 3. Bg5 Nbd7 4. Nbd2 c6 5. e4 e5 6. c3 exd4 7. cxd4 Be7 8.
Bd3 O-O 9. O-O c5 10. e5 dxe5 11. dxe5 Nd5 12. Bxe7 Qxe7 13. Re1 Nf4 14. Bf1
Rd8 15. Qc2 Nf8 16. Ne4 b6 17. g3 Bg4 18. Nh4 N4e6 19. f3 Nd4 20. Qf2 Be6 21.
f4 Bd5 22. Nd6 {} 22... Rxd6 23. exd6 Qxd6 24. Bg2 Nfe6 25. Rad1 Rd8 26. Nf5
Qf8 27. Bxd5 Rxd5 28. Nxd4 cxd4 29. Re5 Rxe5 30. fxe5 g6 31. Rf1 Qe7 32. h4 h5
33. Qf3 Qd7 34. Re1 d3 35. Qe3 d2 36. Rd1 Nd4 37. Kf2 Nc2 38. Qxd2 Qh3 39. Qf4
Qc8 40. Kg2 Qc6+ 41. Kh2 1-0

[Event "AUT-ch"]
[Site "Moesern"]
[Date "1997.08.05"]
[Round "4"]
[White "Brestian, Egon"]
[Black "Duer, Arne"]
[Result "1/2-1/2"]
[WhiteElo "2440"]
[BlackElo "2405"]
[PlyCount "43"]
[EventDate "1997.08.??"]

1. e4 c5 2. Nf3 e6 3. d4 cxd4 4. Nxd4 Nf6 5. Nc3 d6 6. Be3 Be7 7. f3 O-O 8. Qd2
d5 9. e5 Nfd7 10. f4 Nc6 11. Be2 Nxd4 12. Bxd4 Nb8 13. O-O Nc6 14. Bf2 Bd7 15.
Nb5 g6 16. c4 dxc4 17. Nd6 Na5 18. Be1 b6 19. Rf3 Bc6 20. Rh3 Nb7 21. Nxc4 Qxd2
22. Bxd2 1/2-1/2

[Event "AUT-ch"]
[Site "Moesern"]
[Date "1997.08.05"]
[Round "4"]
[White "Rolletschek, Heinrich"]
[Black "Stanec, Nikolaus"]
[Result "0-1"]
[WhiteElo "2325"]
[BlackElo "2465"]
[PlyCount "72"]
[EventDate "1997.08.??"]

1. e4 c5 2. Nf3 Nc6 3. d3 g6 4. g3 Bg7 5. Bg2 e5 6. O-O Nge7 7. c3 O-O 8. Be3
b6 9. Qd2 d5 10. exd5 Nxd5 11. Bh6 Bb7 12. Na3 Re8 13. Bxg7 Kxg7 14. Rfe1 Qd7
15. Nc4 f6 16. a4 Rad8 17. Qc2 Qf7 18. Rad1 Ba6 19. Na3 f5 20. Nb5 Bb7 21. Re2
Qf6 22. Nd2 a6 23. Na3 Qf7 24. Rde1 Qc7 25. Ndc4 Ndb4 26. cxb4 Nd4 27. Qd1 Bxg2
28. Kxg2 Qc6+ 29. f3 Qxf3+ 30. Kg1 cxb4 31. Nc2 Nxe2+ 32. Qxe2 Qxe2 33. Rxe2
Rxd3 34. Nxb4 Rd4 35. b3 b5 36. axb5 axb5 0-1

[Event "AUT-ch"]
[Site "Moesern"]
[Date "1997.08.06"]
[Round "5"]
[White "Stanec, Nikolaus"]
[Black "Schlosser, Michael"]
[Result "1-0"]
[WhiteElo "2465"]
[BlackElo "2350"]
[PlyCount "51"]
[EventDate "1997.08.??"]

1. e4 c5 2. Nc3 Nc6 3. g3 g6 4. Bg2 Bg7 5. d3 d6 6. Be3 Nd4 7. Qd2 Qa5 8. Rb1
Rb8 9. a4 a6 10. f4 Bd7 11. Nf3 Qb4 12. O-O Bxa4 13. Nxa4 Qxa4 14. c3 Nxf3+ 15.
Bxf3 Nf6 16. b4 cxb4 17. Rxb4 Qd7 18. e5 dxe5 19. fxe5 Nd5 20. Rd4 Nxe3 21.
Rxd7 Nxf1 22. Rxe7+ Kxe7 23. Qg5+ f6 24. exf6+ Bxf6 25. Qc5+ Kf7 26. Qc7+ 1-0

[Event "AUT-ch"]
[Site "Moesern"]
[Date "1997.08.04"]
[Round "5"]
[White "Kummer, Helmut"]
[Black "Rolletschek, Heinrich"]
[Result "1/2-1/2"]
[WhiteElo "2380"]
[BlackElo "2325"]
[PlyCount "141"]
[EventDate "1997.08.??"]

1. d4 d6 2. Nf3 g6 3. c4 Bg7 4. Nc3 e5 5. e4 Ne7 6. Bg5 f6 7. Be3 O-O 8. Rc1
exd4 9. Nxd4 Nbc6 10. Be2 Nxd4 11. Bxd4 Nc6 12. Be3 f5 13. exf5 Bxf5 14. O-O
Qd7 15. Qd2 Qf7 16. b3 Rad8 17. Bf3 a6 18. Bd5 Be6 19. Ne4 Qf5 20. Ng5 Bxd5 21.
cxd5 Ne7 22. Rxc7 Nxd5 23. Rxb7 Bh6 24. h4 Rde8 25. Bd4 Re7 26. Rxe7 Nxe7 27.
Rd1 Rc8 28. Bb2 Rc2 29. Qd4 Qe5 30. Qxe5 dxe5 31. Bxe5 Bxg5 32. hxg5 Rxa2 33.
g4 Re2 34. Bf6 Nc6 35. Rd6 Ne5 36. Kf1 Re4 37. Re6 Nf3 38. Rb6 a5 39. Kg2 Ne1+
40. Kg3 Rb4 41. Rxb4 axb4 42. Kf4 Nd3+ 43. Ke3 Nc5 44. Be7 Nxb3 45. Bxb4 Kf7
46. f4 Ke6 47. Ke4 Nc1 48. f5+ Kf7 49. Bd2 Nb3 50. Be3 Na5 51. Kd5 Ke7 52. Bd2
Nb3 53. Be3 Na5 54. Bc5+ Kf7 55. Bf2 Nb3 56. Be3 Ke7 57. Kc4 Na5+ 58. Kb5 Nb7
59. Kb6 Nd8 60. Kc7 Nf7 61. Bf4 Ke8 62. Kc6 Ke7 63. Kc7 Ke8 64. Kc6 Ke7 65. Kd5
Kd7 66. Bd2 Ke7 67. Ke4 Nd6+ 68. Kf4 Nf7 69. Bc3 Kd6 70. Bf6 Kd5 71. Be7
1/2-1/2

[Event "AUT-ch"]
[Site "Moesern"]
[Date "1997.08.05"]
[Round "5"]
[White "Duer, Arne"]
[Black "Hoelzl, Franz"]
[Result "1/2-1/2"]
[WhiteElo "2405"]
[BlackElo "2440"]
[PlyCount "114"]
[EventDate "1997.08.??"]

1. Nf3 d5 2. d4 Nf6 3. c4 e6 4. Bg5 dxc4 5. Nc3 Bb4 6. e4 c5 7. Bxc4 cxd4 8.
Nxd4 Bxc3+ 9. bxc3 Qa5 10. Bxf6 Qxc3+ 11. Kf1 gxf6 12. Rc1 Qa5 13. Nb5 a6 14.
Be2 Nc6 15. Nd6+ Ke7 16. Nc4 Qc5 17. Qb3 b5 18. Qe3 Qxe3 19. Nxe3 Bd7 20. f3
Rhc8 21. Kf2 Nd4 22. Bd3 Rc6 23. Rxc6 Nxc6 24. Rb1 Rc8 25. Ke2 h5 26. h4 Ne5
27. Kd2 Bc6 28. Be2 Kd6 29. Rc1 Rh8 30. Rb1 Kc5 31. Rc1+ Kb6 32. Rb1 Rd8+ 33.
Kc3 Rg8 34. Kd4 Kc7 35. Kc3 Rg3 36. Kd2 Kd6 37. Rb3 Nd7 38. Rd3+ Ke7 39. Rc3
Kd6 40. Rd3+ Kc7 41. Rc3 Kb6 42. Rc1 Nc5 43. Rb1 Rg8 44. Nc4+ Kc7 45. Ne3 Rd8+
46. Kc3 Rb8 47. a3 a5 48. g4 Na4+ 49. Kc2 b4 50. axb4 axb4 51. Bc4 Nc3 52. Ra1
Ba4+ 53. Bb3 Bxb3+ 54. Kxb3 Nb5 55. Kxb4 Nd4+ 56. Kc3 Nxf3 57. Ra7+ Kd6 1/2-1/2

[Event "AUT-ch"]
[Site "Moesern"]
[Date "1997.08.05"]
[Round "5"]
[White "Wittmann, Walter"]
[Black "Lendwai, Reinhard"]
[Result "0-1"]
[WhiteElo "2405"]
[BlackElo "2375"]
[PlyCount "94"]
[EventDate "1997.08.??"]

1. e4 c5 2. Nf3 d6 3. d4 cxd4 4. Nxd4 Nf6 5. Nc3 a6 6. Be3 Ng4 7. Bg5 h6 8. Bh4
g5 9. Bg3 Bg7 10. Be2 h5 11. h4 gxh4 12. Rxh4 Nc6 13. Nb3 Be6 14. Qd2 Qb6 15.
Nd5 Bxd5 16. exd5 Nce5 17. O-O-O Bf6 18. Rh3 h4 19. Bf4 Qxf2 20. Nd4 Rg8 21.
Be3 Nxe3 22. Bb5+ axb5 23. Qxf2 Rxg2 24. Qe1 Nxd1 25. Qxd1 Nc4 26. a3 b4 27.
Qf1 Bg5+ 28. Kd1 Rd2+ 29. Ke1 Rxd4 30. Qf5 f6 31. Rb3 Ne3 32. Qg6+ Kd7 33. c3
Rxd5 34. Rxb4 b5 35. Re4 Ra4 36. Rxa4 bxa4 37. Qe4 h3 38. Qxa4+ Ke6 39. Qe4+
Re5 40. Qh7 Nf5+ 41. Kf1 Nh4 42. Qg8+ Kf5 43. Qc8+ e6 44. Qb7 Rd5 45. Kg1 Kg4
46. Qa6 Rd1+ 47. Kf2 Rd2+ 0-1